| 000 | 00560nam a22002057a 4500 | ||
|---|---|---|---|
| 003 | OSt | ||
| 005 | 20160525175429.0 | ||
| 008 | 160525b xxu||||| |||| 00| 0 eng d | ||
| 020 | _a0323016189 | ||
| 040 | _cDLMN. | ||
| 082 | _aQV4Y11p 2004. | ||
| 100 |
_aYagiela,A.John;Dowwd,J.Frank;Neidle,A.Enid; _98948 |
||
| 245 | _aPharmacology and Therapeutics for Dentists. | ||
| 250 | _a5th ed. | ||
| 260 |
_aUSA. _bMorsby Elsevier _c2004. |
||
| 300 |
_axviii,940p; _bill; _c940p; |
||
| 504 | _aincludes index. | ||
| 650 |
_apharmacology. _9357 |
||
| 942 |
_2z _cO_SHELF |
||
| 999 |
_c4151 _d4151 |
||